| 000 | 00626cam a22002292a 4500 | ||
|---|---|---|---|
| 001 | 004001 | ||
| 003 | AR-FADEU | ||
| 008 | 311216n1994####xxu####################dd | ||
| 020 | _a950-99711-9-7 | ||
| 092 |
_aA861.2 _bB242 |
||
| 100 | _aBarco Centenera, Martín del | ||
| 245 | _aLa Argentina o la conquista del Río de la Plata | ||
| 260 | _aBuenos Aires | ||
| 260 | _b Secretaría de Cultura de la Nación | ||
| 260 | _bTheoría | ||
| 260 | _c1994 | ||
| 300 | _a321 p | ||
| 440 |
_aIdentidad Nacional _n32 |
||
| 500 | _aPrólogo de Andrés M. Carretero | ||
| 650 | _aLITERATURA ARGENTINA-POESIA | ||
| 942 | _cBDGR | ||
| 999 |
_c9828 _d9828 |
||